MSN acronyms Quiz Stats

Quiz not verified by Sporcle

Challenge
Share
Tweet
Embed
Score 0/40 Timer 10:00
0 Plays Today
Acronym Meaning % Correct
2To
95.3%
B4Before
93.3%
GTGGot to go
93.3%
L8RLater
93.3%
BTWBy the way
92.7%
BRBBe right back
92.2%
KOk
92.2%
GR8Great
91.2%
IDKI dont know
89.6%
OMGOh my god
88.1%
FYIFor your information
86.5%
TXTText
85%
U2You to
85%
W8 Wait
85%
THNXThanks
83.9%
GFGirlfriend
81.9%
PLSPlease
79.3%
URYour
78.2%
NPNo problem
77.2%
FBFacebook
76.7%
Acronym Meaning % Correct
TYThankyou
74.6%
LOLLaughing out loud
73.1%
ROFLRolling on floor laughing
72.5%
NE1Anyone
72%
HWHomework
69.9%
BBLBe back later
67.9%
ICI see
60.1%
WEwhatever
59.1%
IMInstant Message
58.5%
MYOBMind your own business
45.1%
BFN Bye for now
40.9%
AFKAway from keyboard
39.4%
LMAOLaughing my arse off
39.4%
NMNothing Much
37.3%
TMITo much information
32.1%
CTNCant talk now
26.4%
WBWrite back
22.3%
POS Parent over shoulder
13%
LQTMLaughing quietly to myself
11.4%
IACIn any case
6.7%

You're not logged in!

Compare scores with friends on all Sporcle quizzes.
Sign Up with Email
OR
Log In

You Might Also Like...

Show Comments

Extras

Top Quizzes Today


Score Distribution

Your Account Isn't Verified!

In order to create a playlist on Sporcle, you need to verify the email address you used during registration. Go to your Sporcle Settings to finish the process.